000 01072nam a2200301 i 4500
003 DO-SdBNP
005 20260305123650.0
007 ta
008 240612b2024 dr ac||| |||| 00| 0 spa d
020 _a9789945645200
040 _aDO-SdBNP
_bspa
_cBNPHU
_erda
041 _aspa
082 4 _axxx
_bxxx
_222
100 _aReyes Sánchez, Miguel,
_d1966 -
_eautor
_4aut.
_92285
245 1 0 _aQuo vadis? :
_btras las huellas de la historia /
_cMiguel Reyes Sánchez ; prólogo, Frank Moya Pons
264 1 _aSanto Domingo :
_bAmigo del Hogar,
_c2024.
300 _a330 páginas :
_bilustraciones y retratos ;
_c23 cm.
336 _atexto
_btxt
_2rdacontent
337 _asin mediación
_bn
_2rdamedia
338 _avolumen
_bnc
_2rdacarrier
500 _aIncluye datos biográficos del autor en las solapas
500 _aIncluye referencias bibliográficas y notas al pie de las páginas
504 _aBibliografía : páginas 146-148
590 _aInventariado, 2024/BT
700 1 _aMoya Pons, Frank,
_eprologuista
_4pr.
_984999
910 _aBtavárez
942 _2ddc
_cLBS1
999 _c56838
_d56838